| 000 | 00897cam a22002653a 4500 | ||
|---|---|---|---|
| 001 | 20387 | ||
| 003 | PGUSA | ||
| 005 | 20140828083430.0 | ||
| 008 | 070116s2007||||xxu|||||s|||||000 | eng d | ||
| 040 |
_aPGUSA _beng |
||
| 042 | _adc | ||
| 050 | 4 | _aPR | |
| 100 | 1 |
_aJames, M. R. _q(Montague Rhodes), _d1862-1936 |
|
| 245 | 1 | 2 |
_aA Thin Ghost and Others _h[electronic resource] / _cM. R. James |
| 260 |
_bProject Gutenberg, _c2007 |
||
| 505 | 0 | _aThe residence at Whitminster -- The diary of Mr. Poynter -- An episode of cathedral history -- The story of a disappearance and an appearance -- Two doctors. | |
| 506 | _aPublic domain in the USA. | ||
| 516 | _aElectronic text | ||
| 653 | _aGhost stories, English | ||
| 653 | _aHorror tales, English | ||
| 653 | _aShort stories, English | ||
| 830 | 0 |
_aProject Gutenberg _v20387 |
|
| 856 | 4 | 0 | _uhttp://www.gutenberg.org/ebooks/20387 |
| 942 | _cEB | ||
| 999 |
_c249642 _d249642 |
||